000 00392nam a2200157Ia 4500
008 220204s9999 xx 000 0 und d
082 _a665.93(035)
_bSKE
100 _aSkeist, Irving
245 0 _aHandbook of adhesives
260 _aNew York
_bReinhold
_c1962
650 _aAdherends
650 _aAdhesive materials
650 _aAdhesives
650 _aBonding technology
942 _cBK
999 _c20659
_d20659